00546nam a2200157Ia 4500008004100000020001800041050002000059082002200079100002000101245005600121260003000177300001100207650005600218952009700274999001700371121101s9999 xx 000 0 und d a968-444-443-5 aQA76.5 F74 1999 a004.35 F853a 1999 aFreeze, Jill T. aAprendiendo computación básica / Jill T. Freeze aSin Lugar : Prentice Hall a474 p. a1. COMPUTACIÓN BÁSICA 2. MULTIPROCESAMIENTOÌ 00104070a12b12d2008-11-28l0oQA76.5 F74 1999p12 000991r2015-04-22t1w2012-11-01yLB c87057d87057